000 00427nam a2200145Ia 4500
999 _c19162
_d19162
003 OSt
005 20200703095241.0
008 190216s9999||||xx |||||||||||||| ||und||
040 _coclc
082 _a942
_bKUM/H
100 _aKumar, Shiv
_93483
245 0 _aHistory Of England 1815-1919 /
_cShiv Kumar ; S Jain
260 _bS Chand & Co,
_aNew Delhi:
_c1977.
942 _cBK
_2ddc
_h942
_iKUM/H
_k942
_mKUM/H